Keby sme neplytvali, máme na dovolenku Šetrenie energie je nielen výhodné, ale aj nevyhnutné

Hrozba energetickej globálnej krízy. Nutnosť riešenia problému výroby a spotreby energie. Úspory energie, šetrenie energiou vo vyspelých krajinách. Možné spôsoby šetrenia energiou v priemysle a v domácnostiach. Ceny energie v domácnostiach. Opatrenia na šetrenie spotreby tepla, vody, elektrickej ene...

Description complète

Enregistré dans:
Détails bibliographiques
Auteur principal: Polakovič, Ivan
Format: Chapitre de livre
Langue:slovaque
Sujets:
Tags: Ajouter un tag
Pas de tags, Soyez le premier à ajouter un tag!

MARC

LEADER 00000naa a2200000 4500
001 r016012
005 20221205090926.5
041 0 |a slo 
044 |a SK 
245 1 0 |a Keby sme neplytvali, máme na dovolenku  |b Šetrenie energie je nielen výhodné, ale aj nevyhnutné  |c Ivan Polakovič 
520 |a Hrozba energetickej globálnej krízy. Nutnosť riešenia problému výroby a spotreby energie. Úspory energie, šetrenie energiou vo vyspelých krajinách. Možné spôsoby šetrenia energiou v priemysle a v domácnostiach. Ceny energie v domácnostiach. Opatrenia na šetrenie spotreby tepla, vody, elektrickej energie. 
610 2 0 |a spotreba energie 
610 2 0 |a úspory energie 
610 2 0 |a elektrina 
610 2 0 |a teplo 
610 2 0 |a domácnosti 
610 2 0 |a priemysel 
610 2 0 |a náročnosť výroby energetická 
100 1 |a Polakovič, Ivan